000 00708nam a2200265Ia 4500
005 20260121171816.0
008 008 260114s9999 xx 000 0 eng d
020 _a9783030453718
037 _aEBOOK
040 _aCRL
040 _beng
040 _cCRL
041 _2eng
041 _aeng
084 _qCRL
100 _aAbdelmalek Benzekri, Michel Barbeau, Guang Gong, Romain Laborde, Joaquin Garcia-Alfaro
_91080703
245 0 _aFoundations and Practice of Security
260 _bSpringer
260 _bSpringer
260 _c2020
856 _uhttps://link.springer.com/openurl?genre=book&isbn=978-3-030-45371-8
942 _cEBOOK
999 _c1646436
_d1646436